| 000 | 00957nam a2200217Ia 4500 | ||
|---|---|---|---|
| 999 |
_c39973 _d39973 |
||
| 001 | 6579 | ||
| 003 | GE_BSU | ||
| 005 | 20191119111716.0 | ||
| 008 | 181216s||||||||xx |||||||||||||| ||und|| | ||
| 040 | _cGE_BSU | ||
| 041 | _ageo | ||
| 080 | _a821.353.1-32 ბ-73 | ||
| 100 |
_aბიჭიაშვილი, გარსევან _95417 |
||
| 245 |
_aდაუმთავრებელი სეანსი : _bმოთხრობები / _cგარსევან ბიჭიაშვილი ; რედ. მიმოზა ძიძიგური. |
||
| 264 |
_aთბილისი : _bმერანი, _c1991. |
||
| 300 |
_a234 გვ. : _bფოტო გარეკანზე ; _c20 სმ. |
||
| 653 | _aდაუმთავრებელი სეანსი | ||
| 653 | _aმოთხრობები | ||
| 700 |
_aძიძიგური, მიმოზა _eრედაქტორი _94459 |
||
| 942 |
_cBK _2udc |
||